Cities and towns in Fairfield County, CT - Statistics

General Stats
  • This quiz has been taken 96 times
  • The average score is 16 of 23
Answer Stats
Answer % Correct
Bridgeport
92%
Fairfield
92%
Greenwich
86%
Stamford
85%
Westport
84%
Norwalk
82%
Darien
75%
Danbury
74%
Weston
74%
Easton
70%
New Canaan
70%
Ridgefield
70%
Stratford
66%
Wilton
66%
Redding
63%
Trumbull
62%
Newtown
58%
New Fairfield
56%
Monroe
51%
Bethel
49%
Shelton
49%
Brookfield
48%
Sherman
37%
No matching quizzes found
Score Distribution
Percent of People with Each Score
Percentile by Number Answered
Your Score History
You have not taken this quiz